| 000 | 003810000a22001450004500 | ||
|---|---|---|---|
| 001 | 004365 | ||
| 003 | MACL | ||
| 040 | _aMACL | ||
| 090 |
_c16358 _d16357 |
||
| 100 | _aBhatt, G.P | ||
| 245 |
_aAncient IndianTradition & Mythology Volume 49 Part 1 _bThe Skanda P̜urana Part 2 _cG.P Bhatt |
||
| 260 |
_aMotilal Banarsidass Publishers, _c2002 |
||
| 650 | _aReligion | ||
| 942 |
_k295 _cBook |
||
| 999 |
_c16256 _d16256 |
||